| 000 | 00914nam a22002537a 4500 | ||
|---|---|---|---|
| 999 |
_c88 _d88 |
||
| 003 | AR-CdUCM | ||
| 008 | 190221b ||||| |||| 00| 0 spa d | ||
| 040 |
_aMUNICIPALIDAD PROVINCIAL DEL CUSCO _cBIBLIOTECA MUNICIPAL DEL CUSCO |
||
| 082 |
_a929.4 / _bL46 |
||
| 100 |
_aLeón, Gustavo _9405 |
||
| 110 |
_aConsejo Nacional de Ciencia y Tecnología. _9406 |
||
| 245 |
_aLa perricholi : _bApuntes histórico genealogicos de Micaela Villegas / |
||
| 260 |
_aPeru : _bEdit.Claire, _c1990. |
||
| 300 |
_a146 paginas / _c18 cm. |
||
| 500 | _z | ||
| 505 | _aLa casas donde nació la Perricholi --Componentes raciales y condición social --Ascendientes --Descendientes ... | ||
| 650 |
_aRepresentación mujer criolla _9407 |
||
| 650 |
_aTriunfo profesional. _9408 |
||
| 650 |
_aÁrbol genealógico. _9409 |
||
| 650 |
_aRomance. _9410 |
||
| 700 |
_aLeón Duran _9411 |
||
| 942 |
_2ddc _cLIBROS |
||
| 945 |
_arjall _d2019-02-21 |
||